000 00740nam a22001937a 4500
005 2010080202262.0
010 _aENG-97788
020 _a9788190951036
_c100.00
035 _aEN-81321
037 _bDBAD/PUB
082 _a658.4
100 _aMythily, M.
_94276
245 _aPrinciples of management :
_bbusiness management /
_cby M.Mythily
260 _aT.V. Malai
_bDevi Publications
_c2009
270 _aBramin Street, Villianellur Village, Mel Namily Post, Via-Villam (Arni) Vanavasi Tk
_bT.V. Malai
_e604505
300 _a197p.
_c21cm (pbk)
942 _2ddc
_cEN
_h658.4
_mMYT
999 _c38679
_d38679